| 000 | 00485nam a2200157Ia 4500 | ||
|---|---|---|---|
| 008 | 210716s2006 xx 000 0 und d | ||
| 020 | _a8120330544 | ||
| 041 | _aeng | ||
| 082 | _a570.15195 INDA | ||
| 100 | _aIndrayan, A;Satyanarayana, L. | ||
| 245 |
_aBiostatistics: for medical nursing and pharmacy stuents. _bFor medical nursing and pharmacy stuents. |
||
| 250 | _a1 | ||
| 260 |
_aNew Delhi _bPrentice Hall of India PVt Ltd _c2006 |
||
| 300 | _avi,295 | ||
| 650 | _aBiostatistics | ||
| 999 |
_c190908 _d190908 |
||